Frequently asked questions in quantitative finance /

Guardado en:
Autor Principal: Wilmott, Paul.
Formato: Libro
Idioma:English
Publicado: Chichester, U.K. : Wiley, 2011.
Edición:2nd ed.
Materias:
Acceso en línea:Resumen
Tabla de contenidos
Datos del autor
Etiquetas: Agregar Etiqueta
Sin Etiquetas, Sea el primero en etiquetar este registro!
LEADER 01985cam a22003375a 4500
001 EAD.ead003156
008 090709s2011####enka#####b####001#0#eng##
005 20160215104651.0
245 1 0 |a Frequently asked questions in quantitative finance /  |c Paul Wilmott. 
250 |a 2nd ed. 
260 |a Chichester, U.K. :  |b Wiley,  |c 2011. 
300 |a xiv, 608 p. :  |b col. il. ;  |c 18 cm. 
500 |a "Including key models, important formulæ, popular contracts, essays and opinions, a history of quantitative finance, sundry lists, the commonest mistakes in quant finance, brainteasers, plenty of straight-talking, the Modellers' Manifesto and lots more"--Portada. 
504 |a Incluye referencias bibliográficas e índice. 
505 0 |a Quantitative finance timeline -- FAQs -- Financial modelers' manifesto -- Essays -- Commonest mistakes in quantitative finance -- The most popular probability distributions -- Twelve different ways to derive Black-Scholes -- Models and equations -- Black-Scholes and Greeks -- Common contracts -- Popular quant books -- Popular word search -- Brainteasers -- Paul & Dominic's guide to getting a quant job -- Certificate in quantitative finance. 
020 |a 9780470748756 
020 |a 0470748753 
100 1 |a Wilmott, Paul. 
082 0 0 |a 332.601/5118  |2 22 
082 0 0 |a 332.644  |2 21 
650 7 |a Instrumentos y operaciones financieras.  |2 isoc 
650 7 |a Especulación financiera.  |2 isoc 
650 7 |a Métodos matemáticos y cuantitativos.  |2 isoc 
010 |a  2009027978 
016 7 |a 015265670  |2 Uk 
040 |a DLC  |c DLC  |d UKM  |d BTCTA  |d YDXCP  |d BWKUK  |d DLC 
050 0 0 |a HG4515.2  |b .W55 2009 
856 4 2 |3 Resumen  |u http://www.loc.gov/catdir/enhancements/fy0914/2009027978-d.html 
856 4 1 |3 Tabla de contenidos  |u http://www.loc.gov/catdir/enhancements/fy0914/2009027978-t.html 
856 4 2 |3 Datos del autor  |u http://www.loc.gov/catdir/enhancements/fy1005/2009027978-b.html 
859 |a AR-BaBDC  |b BIB. ADMINISTRACION - Libros  |h 332.644  |i W688a2  |p b06487